[Event "Corus"]
[Site "Wijk aan Zee"]
[Date "2000.01.23"]
[Round "7"]
[White "Kasparov, Garry"]
[Black "Anand, Viswanathan"]
[Result "1/2-1/2"]
[WhiteElo "2851"]
[BlackElo "2769"]
[Annotator "Wells,P"]
[PlyCount "112"]
[EventDate "2000.01.15"]
[EventType "tourn"]
[EventRounds "13"]
[EventCountry "NED"]
[EventCategory "18"]
[SourceTitle "CBM 075"]
[Source "ChessBase"]
[SourceDate "2000.04.05"]
[SourceVersion "1"]
[SourceVersionDate "2000.04.05"]
[SourceQuality "1"]

1. d4 Nf6 2. c4 e6 3. Nc3 Bb4 4. Nf3 c5 5. g3 cxd4 6. Nxd4 O-O 7. Bg2 d5 8.
cxd5 Nxd5 9. Qb3 {In the last few years, this has become very popular, almost
completely replacing the old 9 Bd2.} Nc6 {Also becoming established as the
main line.There are several important alternatives however:} (9... Qa5 10. Bd2
Na6 (10... Nc6 11. Nxc6 bxc6 12. O-O {- main line.}) 11. O-O Nxc3 12. Bxc3 Bxc3
13. Qxc3 Qxc3 14. bxc3 Nc5 {A fairly typical scenario. Black's structure is
neat and he has a happy knight sitting comfortably on c5. However, with his
next move white easily dislodges it, and shows that his superior bishop and
the pressure on the half-open b file are more salient factors.} 15. Nb3 $1 $14
{[%csl Gc5][%cal Yb3c5,Yg2b7,Ya1b1]} Na4 16. c4 Rb8 17. c5 e5 18. Rfc1 Be6 19.
Na5 b6 20. Nc6 Nxc5 $1 {Sensible, under the circumstances.} 21. Nxb8 Rxb8 22.
Kf1 Kf8 23. Ke1 Ke7 24. Rd1 Rc8 25. Bd5 {and although white's task is not at
all easy he eventually converted} Bd7 {1-0 Zvjaginsev,V-Podgaets,M/Moscow 1992/
EXT 97 (59)}) (9... Qb6 10. Bxd5 $1 exd5 (10... Qxd4 11. Bg2 Nc6 12. Be3 Bxc3+
13. bxc3 Qg4 14. Rd1 e5 15. h3 Qh5 16. Rd6 {Dautov, and in my view '+/='.}) 11.
Be3 Nc6 (11... Bxc3+ 12. Qxc3 Qg6 $5 13. h4 $5 (13. O-O Nc6 14. Rfc1 Bh3 15.
Qc2 Nxd4 16. Bxd4 Qe6 {Black has enough activity for the IQP and the opposite
coloured bishops only help. In blitz he has more than enough.} 17. f3 Rfe8 18.
Kf2 Qh6 19. Qd3 Re7 20. Rc2 Rae8 21. Re1 $2 Qh5 $1 $17 22. Kg1 Bf5 {0-1
Kasparov,G-Kramnik,V/Moscow 1998/CBM 67 ext (22)}) 13... h5 14. g4 Bxg4 15. f3
Rc8 16. Qd2 Nc6 17. fxg4 Ne5 18. gxh5 {Strange.} Qe4 19. Rg1 Nc4 20. Qd3 Nxe3
21. Qxe4 dxe4 22. Kf2 Nc2 23. Rad1 Rc5 24. Nxc2 Rxc2 25. Rd7 Rxb2 26. h6 $1 e3+
27. Kxe3 (27. Kf3 $5) 27... Re8+ {1/2-1/2 Zvjaginsev,V-Polgar,J/Las Vegas 1999/
CBM 72 (27) I must confess - I simply do not understand this game, although
its players and setting render it to important to pass over.}) (11... Bh3 $5 {
Interesting, although since g4 is a recurring theme in the line, it does seem
rather to invite it!} 12. g4 $5 Nc6 (12... Nd7 13. Rg1 Nf6 14. Rg3 Bxg4 15. Nf5
Bxc3+ 16. Qxc3 Qe6 17. Nd4 (17. Nxg7 $5 Qa6 18. Rxg4 Nxg4 19. Nf5 $40) 17...
Qd7 18. f3 Bh5 19. Bg5 Ne8 20. Kf2 f6 21. Bf4 Rc8 $15 {0-1 Rogozenko,D-Socko,B/
Hamburg HSK 1996/CBM 56 (39)}) 13. Nxc6 Qxc6 14. Rg1 Bxc3+ 15. Qxc3 Qxc3+ 16.
bxc3 f5 $13 {1/2-1/2 Bezold,M-Horvath,C/Budapest Honved 1994/EXP 45 (23)}) 12.
Nxc6 (12. Rd1 Qa5 13. O-O Bh3 14. Rfe1 Rac8 15. Rc1 Ne5 16. Ndb5 Be6 17. Nd4
Nc4 {1-0 Beliavsky,A-Timman,J/Beograd 1995/Inf 65 (69) looks OK for black})
12... Qxc6 (12... Bxc3+ 13. Qxc3 Qxc6 14. Qxc6 bxc6 15. Rc1 Bd7 16. f3 Rfb8 17.
b3 a5 18. Bc5 a4 19. b4 Re8 20. a3 Bc8 21. Kf2 Ba6 22. e3 h5 23. h3 f6 24. Bd4
$16 {1-0 Alterman,B-Baumegger,S/Elista 1998/CBM 66 ext (64) is no easy
technical task for white, but no fun at all for the opponent!}) 13. Qxb4 d4 14.
f3 dxe3 {1/2-1/2 Nielsen,P-Pinter,J/Kobenhavn 1995/Inf 63 (14) is where the
whole business started. No-one has seen fit to test this obscure position.
Probably after} 15. O-O-O $5 {Black's e-pawn will eventually prove too
vulnerable.}) (9... Na6 10. O-O Nxc3 (10... Nc5 $5) 11. bxc3 Be7 12. Rd1 Nc5
13. Qc4 Bd7 14. Be3 Rc8 15. Nc6 $1 Bxc6 (15... bxc6 16. Bxc5 Bxc5 17. Qxc5 Qc7
18. Rd4 Rb8 19. Rad1 Be8 20. Rb4 Rb6 21. a4 $16 {[%csl Re8,Rf8] 1-0 Avrukh,
B-Finkel,A/Antwerp 1998/EXT 99 (34) looks quite unpleasant for black. Again
the relative activity of the forces tells us a great deal.}) 16. Rxd8 Rfxd8 17.
Bxc6 Rxc6 18. a4 $1 {This queen sacrifice might be found to be sufficient for
a draw with perfect play - in any case it seems to me to be a rather
masochistic variation to choose with black. White sets about preparing to
undermine black's queenside, since ...b6 is likely to be required to
consolidate it.} Rd5 (18... h6 19. Rb1 b6 20. a5 bxa5 $6 21. Rb7 $1 Nxb7 22.
Qxc6 Nd6 23. c4 Kf8 24. Qa6 a4 25. Bxa7 a3 26. Bb6 Rb8 27. c5 {[%cal Yc5c8]
1-0 Huzman,A-Loginov,V/Beersheva 1998/EXT 99 (37) Once the blockade is broken,
of course, the shrewd money has to be on white.}) 19. Rb1 Nd7 20. Qb3 b6 21. c4
Rdd6 22. Qb5 Rc8 23. a5 Rdc6 24. Qa6 (24. Rd1 $5 {around here I had a good
feeling. The game is still too painful for a rigourous analysis.}) 24... R6c7
25. Rd1 Nc5 26. Qb5 Rc6 27. axb6 axb6 28. Ra1 Bf8 29. Ra7 Ne4 30. Qh5 R6c7 31.
Rxc7 Rxc7 32. Qb5 Nd6 33. Qxb6 Rxc4 {1/2-1/2 Wells,P-Alterman,B/FIDE WCh KO,
Groningen NED (1.2) 1997 (82) and now it should probably be a draw, although
white constructed at least three more winning positions, two of them trivial,
before it eventually was.}) (9... Bc5 $5 10. Bxd5 exd5 11. Be3 Bxd4 12. Bxd4
Nc6 13. Rd1 $14 b6 14. Qxd5 Qxd5 15. Nxd5 Rd8 16. Bc3 Be6 17. e4 Rd7 18. O-O
Rad8 19. a3 f5 20. f3 Bxd5 21. Rxd5 {1/2-1/2 Kuemin,S-Cvitan,O/Zurich 1999/CBM
73 ext.}) 10. Nxc6 $1 bxc6 11. O-O Qa5 12. Bd2 Bxc3 (12... Rb8 $2 {[%csl Ra5,
Rb8][%cal Yb3b8,Yd2a5]} 13. Nxd5 cxd5 14. a3 Bxd2 15. Qxb8 Bd7 16. Qb7 $16 {
1/2-1/2 Barsov,A-Rowson,J/York 1999/CBM 75_02 (27)}) 13. bxc3 (13. Bxc3 $5 {
is not particularly dangerous, but black has to be a bit careful. The endgame
reached in Ribli-Wahls is not lost, but it is no joy to play for black either.
The move is also a decisive headache for those wishing to play for a win with
black.} Nxc3 14. bxc3 Ba6 15. Qb4 Qe5 (15... Qxb4 16. cxb4 Rab8 17. a3 Bxe2 18.
Rfc1 Bb5 19. Bxc6 Bxc6 20. Rxc6 Rfc8 21. Rac1 Rxc6 22. Rxc6 $14 {[%csl Ya3,Ga7,
Yb4][%cal Yg1g2,Yg2f3,Yf3e4,Ye4d4]} g5 23. Ra6 Rb7 24. Kg2 Kg7 25. Kf3 Kg6 26.
Ke4 h5 27. f4 g4 28. f5+ Kf6 29. fxe6 fxe6 30. Ra5 Kg6 31. Re5 Rb6 32. Kd4 Rd6+
33. Kc3 Ra6 34. Kb3 $16 {[%csl Ra6,Ye5] The relative activity of the rooks
tells the story!} Rd6 35. b5 Rd2 36. Rxe6+ Kf5 37. Re7 Rxh2 38. Rxa7 Rh3 39. b6
Rxg3+ 40. Kb4 Re3 41. b7 Re4+ 42. Kb3 Re1 43. Ra5+ Kg6 44. Kc2 Re2+ 45. Kc3
Re3+ 46. Kc4 {1-0 Ribli,Z-Wahls,M/Bundesliga 1998.}) 16. Rfe1 Rab8 17. Qa3 Qb5
18. c4 Qxc4 19. Rac1 Qb5 20. Bxc6 Qb6 21. Be4 Bb5 22. Rb1 Rfd8 $11 {1/2-1/2
Rogozenko,D-Blauert,J/BL2-N 1996. (28)}) 13... Ba6 14. Rfd1 Qc5 ({The most
played alternative is clearly in crisis -} 14... Rab8 $6 15. c4 $1 {Otherwise
black would control the c4 square and be slightly more than comfortable.} Qc5
16. cxd5 $1 {This queen offer is of great importance since it underpins
white's play in the whole line.} Rxb3 17. axb3 Bxe2 18. Re1 $1 {White simply
attacks the bishop, and ensures that he will either reach RBBv.Q or obtain a
very powerful supported passed pawn. Since this seems to be very strong, and
is well-known to be better than} (18. Rdc1 $6 {it was strange to see that
Alterman was apparently unaware of this. He payed the price after} Qd6 19. Rxc6
(19. Be3 $6 cxd5 20. Bc5 Qb8 21. Bxf8 Kxf8 22. Rc2 Bb5 23. Rca2 a6 24. Bf1 Bxf1
25. Kxf1 Qxb3 26. Rxa6 g5 $17 {0-1 Nielsen,P-Emms,J/Copenhagen BSF 1995/CBM 46
(50)}) (19. Bf4 $5 e5 {[%csl Rd5]} 20. Rxc6 (20. Be3 $5 {Wells}) 20... Qb8 21.
Be3 {Alterman might be the best chance, but in view of the strength of 18 Re1
it is largely academic.}) 19... Qd7 20. Bf4 exd5 21. Rd6 Qb5 22. Bxd5 a6 23. h4
(23. Bc4 Bxc4 24. bxc4 Qxc4 25. Rdxa6 $11 {Alterman.}) 23... h6 24. Rc1 Qb4 {
0-1 Alterman,B-Timman,J/Elista 1998/CBM 66 ext (44) and white should maybe
hold the balance, but that is the extent of his ambitions.}) 18... cxd5 (18...
Bb5 19. dxc6 $16 {[%csl Yc6][%cal Yc6c7]} Bxc6 $6 20. Rac1 Qd6 (20... Qd4 21.
Be3 $18) 21. Bf4 $18) 19. Rxe2 Qb6 20. b4 Rc8 21. Be1 h6 22. Rea2 Rc7 23. Bf1
Qd4 24. b5 Qc5 25. Bd2 e5 26. Rc1 Qe7 27. Rc6 Rd7 28. Ra4 d4 29. Bb4 Qe8 30.
Bh3 Rd8 31. Rxa7 $18 {1-0 Nielsen,P-Savon,V/Pardubice op 1995/EXT 95op (43)}) (
{In 1998 the move} 14... Bxe2 $5 {at last received a test. I had been
expecting that someone would be moved to give it a try for some time, since
black does get a rook and two pawns for his minor pieces, even though it is
the bishop pair. Moreover, black's pawn structure is very solid.} 15. c4 Bxd1
16. Rxd1 {desirable other things being equal, but I had analysed} (16. Qxd1 $5
{at home because I believed that it was imperative for white to keep the
queens on the board.}) 16... Qb6 17. cxd5 cxd5 $6 (17... Qxb3 $5 {looks much
more logical to me. Is white better without queens?}) 18. Qf3 $1 Rac8 19. Bf1
Rc2 20. a3 Rfc8 21. Bd3 Ra2 22. Bb4 a5 23. Be7 Qb2 $6 24. Kg2 Rc1 25. Rxc1 Qxc1
26. Qf4 $5 {Now the situation is altered in the key sense that the exchange of
queens now would leave black's a-pawn defenceless.} Qb2 (26... Qxf4 27. gxf4 {
[%csl Ra5][%cal Yd3b5,Ya3a4,Ye7d8]}) 27. Bc5 Qb7 28. Qd6 Qa8 29. Bd4 h6 30. Qe5
Qf8 31. Bb2 $16 {[%csl Ra2] 1/2-1/2 Chabanon,J-Dorfman,J/Meribel 1998/CBM 67 
(58)}) 15. e4 Bc4 $1 16. Qa4 Nb6 17. Qb4 Qh5 $5 ({I have thought that} 17...
Qxb4 {is a legitimate defence too, even if the ending is not entirely
comfortable for black. Obviously Kasparov, who does not leave such things to
chance, considers the white position promising enough eg.} 18. cxb4 Rfd8 (18...
Rad8 $6 {weakens a7 and is thus clearly inferior:} 19. Be3 Rxd1+ 20. Rxd1 Bxa2
21. Bc5 Rb8 22. Ra1 Bc4 23. Rxa7 h6 24. f4 Bb5 25. Rc7 Na8 26. Re7 Nb6 27. Bf3
$16 {1-0 Volzhin,A-Epishin,V/RUS-ch Elista 1996/CBM 56 (54)}) 19. Be3 e5 $5 (
19... Bb5 20. Rxd8+ (20. e5 $5) 20... Rxd8 21. Bxb6 axb6 22. a4 Ra8 23. a5 Kf8
24. e5 Ke7 25. f4 bxa5 26. bxa5 Kd7 27. Kf2 Kc7 28. Ke3 {1/2-1/2 Fish,G-Shipov,
S/Yalta op 1996/EXP 53 (31) should draw, although if my memory serves me, I
managed to lose a similar ending in a rapid game ( with black! ) and it is not
trivial to hold.}) 20. Rxd8+ $6 {Criticised by Leko, and rightly so.} (20. Rdc1
{is more thematic.}) 20... Rxd8 21. Bf1 Bb5 22. Rc1 f6 23. Bxb5 cxb5 24. Rc7
Nc4 {[%csl Gc4] This excellent piece will suffice to hold the game.} 25. Bxa7
Rd1+ 26. Kg2 Ra1 27. Bc5 Rxa2 28. Rb7 Nd2 29. Rxb5 Nxe4 30. Be3 Rb2 31. Rb8+
Kf7 32. Rb7+ Kg6 33. g4 h5 34. gxh5+ Kxh5 35. Rxg7 Rxb4 {1/2-1/2 Wells,P-Lalic,
B/Szeged 1997/CBM 62 (35)}) 18. Be3 Be2 {This is a key part of black's idea.
The bishop is sometimes headed for f3, sometimes just facilitating a changing
of the c4 blockade guard.} 19. Rd2 (19. Re1 Nc4 20. Qc5 (20. Rxe2 $2 Qxe2 21.
Bf1 Qb2 $17) 20... Rfd8 21. e5 $1 a5 22. h3 (22. Bd4 $2 Nd2 $132 {[%cal Gd2f3]}
) 22... Nxe3 23. Qxe3 Bc4 24. Bxc6 Rac8 25. Bg2 a4 26. Qa7 Bb5 27. Qa5 $14 {
0-1 Shaked,T-Georgiev,K/Las Vegas 1999/CBM 72 (55)}) 19... Rab8 20. Bxb6 (20.
Qc5 $5) (20. Bc5 Nc4 21. Bxf8 Rxb4 22. Rd8 h6 23. cxb4 Kh7) 20... axb6 21. Qd6
Bf3 (21... Rfc8 $5 22. h3 (22. Rb1 h6 $5) 22... Bf3 23. Rb1 (23. g4 Qg5 {
[%csl Rd2][%cal Gc8d8]}) 23... Bxg2 24. Kxg2 Qa5 {1/2-1/2 Van Wely,L-Short,N/
Wijk aan Zee 2000/CBM 75_02 (24)}) 22. Qxc6 Bxg2 23. Kxg2 Qe5 24. Qc4 Rfc8 25.
Qd4 Qa5 26. Rb1 h6 27. Rb4 Qc5 28. Rd3 Qc7 {White has clear advantage and
reasonable winning chances, although the weakness of the c-pawn of course
complicates the technocal task.} 29. a4 Rd8 30. Qe3 Rxd3 31. Qxd3 Rc8 32. Qb1
Qxc3 33. Rxb6 Rc4 34. Rb8+ Kh7 35. Rb7 f6 36. Re7 Rb4 37. Qa2 Qc4 38. Qxc4 Rxc4
39. a5 Ra4 40. Rxe6 Rxa5 41. Rd6 Ra4 42. Kf3 Ra3+ 43. Ke2 h5 44. Rd3 Ra2+ 45.
Ke3 Kg6 46. h3 Ra4 47. f4 Rb4 48. Ra3 Rc4 49. g4 hxg4 50. hxg4 Rb4 51. Ra6 Kf7
52. Ra7+ Kg6 53. f5+ Kh6 54. g5+ fxg5 55. e5 g4 56. e6 Kg5 1/2-1/2

[Event "Corus"]
[Site "Wijk aan Zee"]
[Date "2000.01.27"]
[Round "10"]
[White "Anand, Viswanathan"]
[Black "Morozevich, Alexander"]
[Result "1/2-1/2"]
[WhiteElo "2769"]
[BlackElo "2748"]
[Annotator "Huebner,R"]
[PlyCount "73"]
[EventDate "2000.01.15"]
[EventType "tourn"]
[EventRounds "13"]
[EventCountry "NED"]
[EventCategory "18"]
[SourceTitle "CBM 075"]
[Source "ChessBase"]
[SourceDate "2000.04.05"]
[SourceVersion "1"]
[SourceVersionDate "2000.04.05"]
[SourceQuality "1"]

1. d4 d5 2. c4 c6 3. Nf3 Nf6 4. Nc3 dxc4 5. a4 Bf5 6. Ne5 Nbd7 7. Nxc4 Qc7 8.
g3 e5 9. dxe5 Nxe5 10. Bf4 Nfd7 11. Bg2 f6 12. O-O Nc5 13. Ne3 Be6 (13... Bg6 {
wurde bisher versucht, um dem Springer auf c5 das Rückzugsfeld e6 freizulassen,
doch waren die Ergebnisse für Schwarz nicht ermutigend:} 14. b4 Rd8 (14... Ne6
15. b5 Rd8 16. Qb3 Bf7 17. Qb1 $2 (17. Bxe5 fxe5 18. bxc6 bxc6 19. Rab1 {
ergibt Vorteil für Weiß.}) 17... Bc5 18. bxc6 bxc6 19. Bxe5 fxe5 20. Qe4 O-O
21. Qxc6 Qxc6 22. Bxc6 Nd4 23. Bb5 Nb3 24. Rad1 Nd2 25. Rfe1 Bb4 26. Rc1 Nb3
27. Ne4 h6 $17 {0-1 Van Wely,L-Morozevich,A/Elista 1998/CBM 66 ext (68)}) 15.
Ned5 cxd5 16. bxc5 Bxc5 17. Nxd5 Qb8 18. Qb3 Bd6 19. Rfd1 Bf7 20. Qb5+ Kf8 $18
{1-0 Bacrot,E-Morovic Fernandez,I/Cap d'Agde 1998/EXT 99 (42)}) 14. b4 Rd8 15.
Qc2 ({In Betracht kommt die Fortsetzung} 15. Qb1 Nb3 (15... Na6 16. b5 {
ist jetzt ungünstiger für Schwarz, weil er nach 16...Sb4 kein Tempo durch
Angriff auf die Dame gewinnt.}) 16. Ned5 ({Schwächer scheint die Fortsetzung} 
16. Ncd5 {zu sein, weil nach} cxd5 17. Qxb3 Qf7 {der Springer auf e3
einigermaßen unglücklich steht.}) 16... cxd5 17. Qxb3 Qd7 18. Rfd1 {doch
dürfte Schwarz nach} d4 {genug Gegenspiel erhalten.}) 15... Na6 16. b5 Nb4 17.
Qe4 Bc5 18. Rad1 O-O 19. Nc4 ({Die Fortsetzung} 19. bxc6 bxc6 (19... Nbxc6 20.
Ned5 Qf7 21. Bxe5 Nxe5 22. Nf4 {überläßt dem Weißen das etwas bequemere Spiel.}
) 20. Rxd8 Rxd8 21. Rc1 {ist zu erwägen.}) 19... Rxd1 20. Rxd1 Bd5 21. Nxd5
cxd5 22. Rxd5 Nxd5 23. Qxd5+ Kh8 24. e3 Rd8 25. Bxe5 fxe5 26. Qe4 ({Die Folge} 
26. Qxe5 Rd1+ 27. Bf1 Qxe5 28. Nxe5 Ra1 {bringt dem Weißen Ungelegenheiten.})
26... Rd1+ 27. Bf1 Be7 28. Kg2 ({Nach} 28. Nxe5 Qc1 29. Nf7+ (29. Qc4 Qxc4 30.
Nxc4 Bb4 {verspricht dem Weißen höchstens Schwierigkeiten.}) 29... Kg8 30. Qxe7
Rxf1+ 31. Kg2 Rg1+ 32. Kf3 h6 {dürfte die Stellung ausgeglichen sein; Weiß
kann natürlich mit} 33. Qe8+ Kh7 34. Ng5+ {remis erzwingen.}) 28... Qd7 29. Na5
(29. Nxe5 Qd5 30. Qxd5 Rxd5 31. Nf7+ Kg8 32. Bc4 Rc5 33. Ne5+ Kh8 {führt zum
Remis.}) 29... Qd5 30. Qxd5 Rxd5 31. Nxb7 Rd7 32. Na5 e4 33. Nb3 g6 34. a5 Bb4
35. Bc4 Kg7 36. b6 axb6 37. Bb5 1/2-1/2

[Event "Wydra Memorial rapidplay"]
[Site "Haifa"]
[Date "2000.02.03"]
[Round "1"]
[White "Gelfand, Boris"]
[Black "Anand, Viswanathan"]
[Result "1/2-1/2"]
[WhiteElo "2692"]
[BlackElo "2769"]
[PlyCount "43"]
[EventDate "2000.02.03"]
[EventType "schev (rapid)"]
[EventRounds "14"]
[EventCountry "ISR"]
[EventCategory "16"]
[SourceTitle "CBM 074 Extra"]
[Source "ChessBase"]
[SourceDate "2000.03.10"]
[SourceVersion "2"]
[SourceVersionDate "2000.03.10"]
[SourceQuality "1"]

1. d4 d5 2. Nf3 Nf6 3. c4 c6 4. Nc3 dxc4 5. a4 Bf5 6. e3 e6 7. Bxc4 Bb4 8. O-O
O-O 9. Nh4 Nbd7 10. f3 Bg6 11. e4 e5 12. Nxg6 hxg6 13. Be3 Qe7 14. Qe2 Rfd8 (
14... exd4 15. Bxd4 Bc5 16. Bxc5 Qxc5+ 17. Kh1 g5 18. g3 Rad8 19. Ba2 Rfe8 20.
Rad1 Nf8 21. Rxd8 Rxd8 22. e5 Nd5 23. Nxd5 cxd5 24. Qd2 Ne6 25. f4 gxf4 26.
gxf4 Qc6 27. f5 Nc5 28. Qg5 Rd7 29. Rg1 f6 30. exf6 Ne4 31. f7+ Rxf7 32. Qd8+
Kh7 33. Bxd5 Nf2+ 34. Kg2 Qf6 35. Qxf6 Rxf6 36. Kxf2 Rxf5+ 37. Bf3 Rf4 38. Rg4
{1-0 Botvinnik,M-Smyslov,V/Moscow 1954/MainBase (38)}) 15. Kh1 exd4 16. Bxd4
Bc5 17. Bxc5 Nxc5 18. Rad1 Rxd1 19. Rxd1 Rd8 20. Rxd8+ Qxd8 21. e5 Nd5 22. Qd2
1/2-1/2

[Event "Wydra Memorial rapidplay"]
[Site "Haifa"]
[Date "2000.02.03"]
[Round "2"]
[White "Anand, Viswanathan"]
[Black "Svidler, Peter"]
[Result "0-1"]
[WhiteElo "2769"]
[BlackElo "2672"]
[PlyCount "82"]
[EventDate "2000.02.03"]
[EventType "schev (rapid)"]
[EventRounds "14"]
[EventCountry "ISR"]
[EventCategory "16"]
[SourceTitle "CBM 074 Extra"]
[Source "ChessBase"]
[SourceDate "2000.03.10"]
[SourceVersion "2"]
[SourceVersionDate "2000.03.10"]
[SourceQuality "1"]

1. e4 e5 2. Nf3 Nc6 3. Bb5 a6 4. Ba4 Nf6 5. O-O Be7 6. Re1 b5 7. Bb3 O-O 8. h3
d6 9. c3 Nd7 10. d4 Bf6 11. Be3 Na5 12. Bc2 Nc4 13. Bc1 Bb7 14. b3 Ncb6 15. Be3
Re8 16. d5 Be7 (16... Rc8 17. Nbd2 c6 18. c4 cxd5 19. cxd5 Qc7 20. Rc1 Qb8 21.
a4 Nc5 22. axb5 axb5 23. Ra1 b4 24. Qe2 Nbd7 25. Bd3 {1-0 Spassky,B-Petrosian,
T/Moscow 1969/MainBase (53)}) 17. Nbd2 c6 (17... f5 18. c4 bxc4 19. Nxc4 Nxc4
20. bxc4 f4 21. Bd2 a5 22. Ba4 Rf8 23. Bxd7 Qxd7 24. c5 Bc8 25. Rc1 h5 26. cxd6
cxd6 27. Rc6 Qe8 28. Qb3 Kh8 29. Bc3 Bd7 30. Rb6 a4 31. Qa3 Rf6 32. Bb4 Bf8 33.
Rc1 Rb8 34. Rxb8 Qxb8 35. Qc3 Kg8 36. a3 Qe8 37. Kh1 Qg6 38. Qd3 Rf7 39. Ba5
Qf6 40. h4 Bg4 41. Ng5 f3 42. Nxf7 Qxh4+ 43. Kg1 {1/2-1/2 Brodsky,M-Ginsburg,G/
Kherson 1990/EXT 97 (43)}) 18. c4 cxd5 19. cxd5 f5 20. exf5 Nxd5 21. Nf1 Rc8
22. Bd2 N7f6 23. Ng5 Qd7 24. Rc1 b4 25. Ne6 Nc3 26. Bxc3 Rxc3 27. Bb1 Rec8 28.
Rxc3 bxc3 29. Bc2 Qc6 30. Ne3 d5 31. Ng4 d4 32. f3 Nxg4 33. hxg4 Qd6 34. Qd3 h6
35. Qe2 Bf6 36. Bd3 a5 37. Kh1 e4 38. fxe4 Qg3 39. Kg1 Be5 40. Rc1 Qh2+ 41. Kf2
Bg3+ 0-1

[Event "Wydra Memorial rapidplay"]
[Site "Haifa"]
[Date "2000.02.04"]
[Round "8"]
[White "Anand, Viswanathan"]
[Black "Gelfand, Boris"]
[Result "1-0"]
[WhiteElo "2769"]
[BlackElo "2692"]
[PlyCount "89"]
[EventDate "2000.02.03"]
[EventType "schev (rapid)"]
[EventRounds "14"]
[EventCountry "ISR"]
[EventCategory "16"]
[SourceTitle "CBM 074 Extra"]
[Source "ChessBase"]
[SourceDate "2000.03.10"]
[SourceVersion "2"]
[SourceVersionDate "2000.03.10"]
[SourceQuality "1"]

1. e4 c5 2. Nf3 d6 3. d4 cxd4 4. Nxd4 Nf6 5. Nc3 a6 6. Be3 Ng4 7. Bg5 h6 8. Bh4
g5 9. Bg3 Bg7 10. h3 Ne5 11. Nf5 Bxf5 12. exf5 Nbc6 13. Nd5 e6 14. fxe6 fxe6
15. Ne3 Qa5+ 16. c3 d5 17. Be2 O-O 18. O-O Rad8 19. Qb3 b5 20. Rad1 Qb6 21.
Rfe1 Qc5 22. Qc2 b4 23. cxb4 Qxb4 24. Bxa6 Ra8 25. a3 Qb6 26. Bf1 Nd4 27. Qb1
Ndf3+ 28. gxf3 Nxf3+ 29. Kg2 Nxe1+ 30. Rxe1 Qxb2 31. Qg6 Qf6 32. Qxf6 Bxf6 33.
Ng4 Bg7 34. Rxe6 h5 35. Ne3 d4 36. Nc4 Rf6 37. Re7 Raf8 38. Re2 Ra6 39. Rd2 Rd8
40. Bd3 Ra4 41. Re2 Bf8 42. Re5 Bxa3 43. Rxg5+ Kf8 44. Rxh5 Be7 45. Ne5 1-0

[Event "Wydra Memorial rapidplay"]
[Site "Haifa"]
[Date "2000.02.05"]
[Round "11"]
[White "Psakhis, Lev"]
[Black "Anand, Viswanathan"]
[Result "1/2-1/2"]
[WhiteElo "2599"]
[BlackElo "2769"]
[PlyCount "31"]
[EventDate "2000.02.03"]
[EventType "schev (rapid)"]
[EventRounds "14"]
[EventCountry "ISR"]
[EventCategory "16"]
[SourceTitle "CBM 074 Extra"]
[Source "ChessBase"]
[SourceDate "2000.03.10"]
[SourceVersion "2"]
[SourceVersionDate "2000.03.10"]
[SourceQuality "1"]

1. e4 c5 2. Nf3 d6 3. Bb5+ Nd7 4. d4 cxd4 5. Qxd4 Ngf6 6. Nc3 a6 7. Bxd7+ Bxd7
8. Bg5 Rc8 9. O-O-O h6 10. Bxf6 gxf6 11. Nd5 Rg8 12. Nb6 Rc6 13. Nxd7 Qxd7 14.
g3 Qe6 15. Qd5 Qxd5 16. Rxd5 1/2-1/2